Score 0/14 Timer 02:00
0 Plays Today
Hint Missing word % Correct
Salt ____ CityLake
99.2%
Rub salt in the _____wound
98.4%
Red Hot ____ PeppersChili
94%
Take with a _____ of saltpinch
93.5%
__ PepperDr
90.8%
Sgt. Pepper's ______ Hearts Club BandLonely
86.7%
Salt of the _____ Earth
86.3%
Hint Missing word % Correct
_____ Salt Morton
59.1%
______ SaltVeruca
57.4%
Virginia 'Pepper' _____Potts
39.8%
__________ Salt FlatsBonneville
19.5%
_____ PepperBarry
14.2%
Pepper _____ PearsonAnn
7.4%
_____ PepperFloyd
6.1%

Today's Daily Dose

Remove Ads.
Support Sporcle.
Get the best of Sporcle when you Go Orange. This ad-free experience offers more features, more stats, and more fun while also helping to support Sporcle. Thank you for becoming a member.

You're not logged in!

Compare scores with friends on all Sporcle quizzes.
OR
Log In

Show Comments

Extras

Top Quizzes Today


Score Distribution

Your Account Isn't Verified!

In order to create a playlist on Sporcle, you need to verify the email address you used during registration. Go to your Sporcle Settings to finish the process.

Report this User

Report this user for behavior that violates our Community Guidelines.

Details: